<?xml version="1.0" encoding="UTF-8"?>
<record
    xmlns:xsi="http://www.w3.org/2001/XMLSchema-instance"
    xsi:schemaLocation="http://www.loc.gov/MARC21/slim http://www.loc.gov/standards/marcxml/schema/MARC21slim.xsd"
    xmlns="http://www.loc.gov/MARC21/slim">

  <leader>01639nab a2200265uuc4500</leader>
  <controlfield tag="001">1253106</controlfield>
  <controlfield tag="005">20241028091001.0</controlfield>
  <controlfield tag="008">110823e20110301                    spa  </controlfield>
  <datafield tag="035" ind1=" " ind2=" ">
    <subfield code="a">1253106</subfield>
  </datafield>
  <datafield tag="035" ind1=" " ind2=" ">
    <subfield code="a">(OCoLC)820597509</subfield>
  </datafield>
  <datafield tag="040" ind1=" " ind2=" ">
    <subfield code="c">comduadb</subfield>
  </datafield>
  <datafield tag="041" ind1=" " ind2=" ">
    <subfield code="a">spa</subfield>
  </datafield>
  <datafield tag="100" ind1="1" ind2="0">
    <subfield code="a">Granada, Paula Andrea</subfield>
    <subfield code="4">aut</subfield>
    <subfield code="e">aut</subfield>
    <subfield code="9">625874</subfield>
  </datafield>
  <datafield tag="245" ind1="1" ind2="0">
    <subfield code="a">Hemorragia alveolar difusa y nefropat&#xED;a en dos pacientes con sindrome antisfosfolipidico primario</subfield>
  </datafield>
  <datafield tag="520" ind1="3" ind2=" ">
    <subfield code="a">Informamos dos pacientes clasificadas como s&#xED;ndrome antifosfolip&#xED;dico primario que presentaron hemorragia alveolar y nefropat&#xED;a durante su evoluci&#xF3;n. La primera paciente present&#xF3; una glomerulonefritis membranoproliferativa con patr&#xF3;n "full house" en la inmunofluorescencia; los autoanticuerpos espec&#xED;ficos de LES fueron persistentemente negativos y los niveles de complemento s&#xE9;rico permanecieron normales; la segunda paciente present&#xF3; una proteinuria en rango no nefr&#xF3;tico y s&#xED;ndrome HELLP y, posteriormente, una hemorragia pulmonar. Ninguna de las pacientes ha desarrollado un cuadro definitivo de LES luego de varios a&#xF1;os de seguimiento.</subfield>
  </datafield>
  <datafield tag="650" ind1=" " ind2=" ">
    <subfield code="a">Hemorragia</subfield>
    <subfield code="9">9080</subfield>
  </datafield>
  <datafield tag="650" ind1=" " ind2="7">
    <subfield code="a">Patolog&#xED;a</subfield>
    <subfield code="2">dcs</subfield>
    <subfield code="9">13533</subfield>
  </datafield>
  <datafield tag="700" ind1="1" ind2="0">
    <subfield code="a">Restrepo Escobar, Mauricio</subfield>
    <subfield code="4">aut</subfield>
    <subfield code="e">aut</subfield>
    <subfield code="9">400487</subfield>
  </datafield>
  <datafield tag="700" ind1="1" ind2="0">
    <subfield code="a">Vel&#xE1;squez Franco, Carlos Jaime</subfield>
    <subfield code="4">aut</subfield>
    <subfield code="e">aut</subfield>
    <subfield code="9">625875</subfield>
  </datafield>
  <datafield tag="700" ind1="1" ind2="0">
    <subfield code="a">Pinto Pe&#xF1;aranda, Luis Fernando</subfield>
    <subfield code="4">aut</subfield>
    <subfield code="e">aut</subfield>
    <subfield code="9">320532</subfield>
  </datafield>
  <datafield tag="700" ind1="1" ind2="0">
    <subfield code="a">M&#xE1;rquez Hern&#xE1;ndez, Javier Dario</subfield>
    <subfield code="4">aut</subfield>
    <subfield code="e">aut</subfield>
    <subfield code="9">568997</subfield>
  </datafield>
  <datafield tag="700" ind1="1" ind2="0">
    <subfield code="a">Mejia, Rosana</subfield>
    <subfield code="4">aut</subfield>
    <subfield code="e">aut</subfield>
    <subfield code="9">625876</subfield>
  </datafield>
  <datafield tag="773" ind1="0" ind2=" ">
    <subfield code="t">Revista Colombiana de Reumatolog&#xED;a (Bogot&#xE1;)</subfield>
    <subfield code="g">Volumen 18, N&#xFA;mero 01, Marzo 2011, p. 68-74</subfield>
    <subfield code="w">319250</subfield>
    <subfield code="x">0121-8123</subfield>
    <subfield code="0">102143</subfield>
  </datafield>
  <datafield tag="942" ind1=" " ind2=" ">
    <subfield code="c">ARIMP</subfield>
  </datafield>
  <datafield tag="999" ind1=" " ind2=" ">
    <subfield code="c">588726</subfield>
    <subfield code="d">588726</subfield>
  </datafield>
</record>
